| 000 | 00355cam a22001217a 4500 | ||
|---|---|---|---|
| 008 | 180718b1979 xxu||||| |||| 00| 0 eng d | ||
| 082 | _aA75 M278BH | ||
| 245 |
_aMaharashtra state gazetteers: Bhandara _cedited by B.G. Kunte |
||
| 260 |
_aBombay _bGazetteers Department _c1979 |
||
| 300 | _a861+p. | ||
| 500 | _aLibrary has 1927, 1979 | ||
| 700 | _aKunte, B.G. | ||
| 999 |
_c487046 _d487046 |
||